| 000 | 01240nam0a22003011 4500 | ||
|---|---|---|---|
| 001 | v19\rc\1966763 | ||
| 005 | 20251118181034.1 | ||
| 035 | _a(NLR Aleph) 005048815 | ||
| 090 |
_a6872419 _c6872419 |
||
| 100 | _a20080428d1914 u y0rusy50 ca | ||
| 101 | 0 | _arus | |
| 102 | _aRU | ||
| 105 | _ay z ||||| | ||
| 200 | 1 |
_aГеография в средней школе и школьные экскурсии _eС проектом устава О-ва орг. экскурсий _fН.Ф. Арепьев |
|
| 210 |
_aСанкт-Петербург _cтип. Андерсона и Лойцянского _d1914 |
||
| 215 |
_a16 с. _d22 |
||
| 464 | 0 |
_12001#$aПроект устава Общества организации экскурсий _tПроект устава Общества организации экскурсий |
|
| 532 | 1 | 3 | _aГеография в средней школе и школьные экскурсии |
| 700 | 1 |
_aАрепьев _bН.Ф. _f1851- _gНиколай Федорович |
|
| 801 | 0 |
_aRU _bNLR _gpsbo |
|
| 801 | 0 |
_aRU _bRuMoRGB _2psbo |
|
| 801 | 1 |
_aRU _bProSoft-M _2rusmarc |
|
| 852 |
_aNLR _j37.54.6.281 |
||
| 899 |
_aRuMoRGB _jV 60/492 |
||
| 899 | _aБАН | ||
| 942 | _cBOOK | ||
| 980 | _aNB | ||